| 000 | 00519nam a2200169Ia 4500 | ||
|---|---|---|---|
| 008 | 220216s9999 xx 000 0 und d | ||
| 100 | _aMoraes V H DE F | ||
| 245 | 0 | _aLatex diagnosis in an early tapping test of rubber three-part-trees : Prospects for use in the early selection of crown and panel clones | |
| 260 |
_bAgrotropica _c1995 |
||
| 300 | _a49-62 | ||
| 500 | _aSource Year: 1996 | ||
| 650 | _aEarly tapping test | ||
| 650 | _aLatex diagnosis | ||
| 700 | _aMoraes L A C | ||
| 856 | _uAEDR | ||
| 942 | _cJS | ||
| 999 |
_c62007 _d62007 |
||